Tính xấp xỉ tích phân bằng phương pháp monte carlo

Kiến thức cơ sở. Tính xấp xỉ tích phân bằng phương pháp ngẫu nhiên Monte Carlo

Na minha lista:
Detalhes bibliográficos
Autor principal: Đinh Thị Kim Hương
Outros Autores: Lê Văn Dũng (Hướng dẫn)
Formato: Livro
Publicado em: Đà Nẵng Đại học Sư phạm, Đại học Đà Nẵng 2012
Assuntos:
Tags: Adicionar Tag
Sem tags, seja o primeiro a adicionar uma tag!
Thư viện lưu trữ: Mạng thư viện Đại học Đà Nẵng
LEADER 01582nam a2200337 4500
001 000017452
003 13870
005 20130417150425.0
008 130417s2012 sd
082 |a 518.282  |b ĐI-H 
100 1 |a Đinh Thị Kim Hương 
245 |a Tính xấp xỉ tích phân bằng phương pháp monte carlo  |c Đinh Thị Kim Hương ; Lê Văn Dũng hướng dẫn  |k Khóa luận tốt nghiệp 
260 |a Đà Nẵng  |b Đại học Sư phạm, Đại học Đà Nẵng  |c 2012 
300 |a 31 tr.  |c 29 cm.  |e Đĩa CD, bản tóm tắt 
500 |a Khóa luận tốt nghiệp đại học. Chuyên ngành: Cử nhân Toán tin 
504 |a Mục lục đầu trang, tài liệu tham khảo tr. 73 - 74, phụ lục [13 tr.] 
520 |a Kiến thức cơ sở. Tính xấp xỉ tích phân bằng phương pháp ngẫu nhiên Monte Carlo 
600 1 4 |b Vua  |c Đinh Tiên Hoàng 
650 0 4 |a Tích phân  |v Khóa luận tốt nghiệp  |x Phương pháp Monte carlo 
653 |a Khoa Toán  |a Tích phân  |a Phương pháp Monte carlo 
700 |a Lê Văn Dũng  |e Hướng dẫn 
OWN |a LSP 
AVA |a UDN50  |b LSP  |d 518.282 ĐI-H  |e available  |t Error 5001 Not defined in file expand_doc_bib_avail.  |f 1  |g 0  |h N  |i 0  |k 1 
999 |a From the UDN01 
AVA |a UDN50  |b LSP  |d 518.282 ĐI-H  |e available  |t Error 5001 Not defined in file expand_doc_bib_avail.  |f 1  |g 0  |h N  |i 0  |k 1 
TYP |a Monograph 
TYP |a Printed language 
980 |a Mạng thư viện Đại học Đà Nẵng